Pengalaman masa ketjil, (Record no. 84198)

MARC details
000 -LEADER
fixed length control field 00637cam a22002171 4500
001 - CONTROL NUMBER
control field sa 68011938
003 - CONTROL NUMBER IDENTIFIER
control field DLC
005 - DATE AND TIME OF LATEST TRANSACTION
control field 20260227112605.0
008 - FIXED-LENGTH DATA ELEMENTS--GENERAL INFORMATION
fixed length control field 940330s1966 io a 000 0 ind
010 ## - LIBRARY OF CONGRESS CONTROL NUMBER
LC control number sa 68011938
025 ## - OVERSEAS ACQUISITION NUMBER
Overseas acquisition number PL480:Indo-4623
035 ## - SYSTEM CONTROL NUMBER
System control number (OCoLC)30057942
040 ## - CATALOGING SOURCE
Original cataloging agency DLC
Transcribing agency CU
Modifying agency CU
-- DLC
042 ## - AUTHENTICATION CODE
Authentication code premarc
050 00 - LIBRARY OF CONGRESS CALL NUMBER
Classification number PL5089.I78
Item number P3 1966
100 1# - MAIN ENTRY--PERSONAL NAME
Personal name Iskandar, N. St.
Fuller form of name (Nur Sutan),
Dates associated with a name 1893-
245 10 - TITLE STATEMENT
Title Pengalaman masa ketjil,
Statement of responsibility, etc. oleh N. St. Iskandar. Dihiasi dengan 5 gambar oleh Dahlan Djazh.
250 ## - EDITION STATEMENT
Edition statement Tjet. 3.
260 ## - PUBLICATION, DISTRIBUTION, ETC.
Place of publication, distribution, etc. Djakarta,
Name of publisher, distributor, etc. Balai Pustaka,
Date of publication, distribution, etc. 1966.
300 ## - PHYSICAL DESCRIPTION
Extent 267 p.
Other physical details illus.
Dimensions 19 cm.

No items available.

Powered by Koha